=LDR 00000nam 2200000 4500 =001 000536 =005 20250711121313 =035 ##$$a 0010-0725000404 =007 ta =008 250711################a##########0#ind## =020 ##$$a 978-623-307-474-2 =082 ##$$a 398.209 598 =084 ##$$a 398.209 598 MIN z =100 #$$a Minu nandakumar =245 1#$$a Zoya : $b Dan rasa takut /$c Minu nandakumar =250 ##$$a Cetakan pertama =260 ##$$a Rawamangun :$b Badan pengembangan dan pembinaan bahasa,$c 2022 =300 ##$$a 16 hlm. : $b Ilus. ; $c 29cm =650 #4$$a Cerita anak indonesia-terjemahan =990 ##$$a TBM02970297